Možnosti využitia prognóz v strategickom riadení národného hospodárstva záverečná práca postgraduálneho štúdia

Salvato in:
Dettagli Bibliografici
Autore principale: Duhár, Egon
Ente Autore: Vysoká škola ekonomická v Bratislave
Altri autori: Filípek, Emil
Natura: Libro
Lingua:slovacco
Pubblicazione: Bratislava 1990
Tags: Aggiungi Tag
Nessun Tag, puoi essere il primo ad aggiungerne!!

MARC

LEADER 00000nam a2200000 4500
001 c030270
005 20221215070925.2
041 0 |a slo 
044 |a SK 
245 1 0 |a Možnosti využitia prognóz v strategickom riadení národného hospodárstva  |b záverečná práca postgraduálneho štúdia  |c Egon Duhár ; Ved. práce Emil Filípek 
264 1 |a Bratislava  |c 1990 
300 |a 43 s. 
100 1 |a Duhár, Egon 
700 1 |a Filípek, Emil 
710 2 |a Vysoká škola ekonomická v Bratislave